000 00760nam a2200217 a 4500
001 41181
003 BD-RjUL
005 20211209053337.0
008 160516s1962 bg ||||| b||| 00| 0 ben d
035 _a(BD-RjUL)41297
040 _aBD-RjUL
_bben
_cBD-RjUL
041 _aben
082 _223
_a781.62
_bABL 1962
100 _aআবুতালিব, মুহম্মদ
_9117902
245 1 0 _aলালনশাহ ও লালন গীতিকা /
_cমুহম্মদ আবুতালিব
260 _aঢাকা :
_bবাংলা একাডেমী,
_c১৯৬২
300 _a৩৬০ পৃ. ;
_c২১ সেমি.
650 _aলোক সংগীত
_9124945
650 _aFolk Music
_9126683
942 _2ddc
_cBK
999 _c41181
_d41181